同志社大学の学部 - Statistics

General Stats
  • This quiz has been taken 27 times
  • The average score is 7 of 14
Answer Stats
Answer % Correct
文学部
100%
法学部
100%
経済学部
92%
理工学部
81%
神学部
69%
社会学部
65%
商学部
58%
心理学部
31%
政策学部
27%
文化情報学部
27%
生命医科学部
19%
スポーツ健康科学部
15%
グローバル・コミュニケーション学部
15%
グローバル地域文化学部
15%
No matching quizzes found
Score Distribution
Percent of People with Each Score
Percentile by Number Answered
Your Score History
You have not taken this quiz